1972: NFL Teams with the Least Points - Statistics

General Stats
  • This quiz has been taken 6 times
  • The average score is 9 of 10
Answer Stats
Number of points NFL Team % Correct
257 Buffalo Bills
100%
225 Chicago Bears
100%
268 Cleveland Browns
100%
164 Houston Oilers
100%
192 New England Patriots
100%
215 New Orleans Saints
100%
145 Philadelphia Eagles
100%
193 St. Louis Cardinals
100%
235 Baltimore Colts
80%
264 San Diego Chargers
60%
No matching quizzes found
Score Distribution
Percent of People with Each Score
Percentile by Number Answered
Your Score History
You have not taken this quiz